|
|
|
|
| LEADER |
00000nam0a2200000 4500 |
| 001 |
99710 |
| 005 |
20231031111827.0 |
| 035 |
|
|
|a (RuTPU)RU\TPU\book\107056
|
| 090 |
|
|
|a 99710
|
| 100 |
|
|
|a 20060711d1961 k y0rusy50 ca
|
| 101 |
0 |
|
|a rus
|
| 102 |
|
|
|a RU
|
| 105 |
|
|
|a a z 001zy
|
| 200 |
1 |
|
|a Процессы солеобразования в озерах и водах Кулундинской степи
|f Ю. П. Никольская
|g СО АН СССР; Химико-металлургический институт
|
| 210 |
|
|
|a Новосибирск
|c Изд-во Академии наук СССР
|d 1961
|
| 215 |
|
|
|a 180 с.
|c ил.
|
| 320 |
|
|
|a Библиогр.: с. 112-114
|
| 610 |
1 |
|
|a соляные месторождения
|
| 610 |
1 |
|
|a солеобразование
|
| 610 |
1 |
|
|a воды природные
|
| 610 |
1 |
|
|a озера
|
| 610 |
1 |
|
|a соль
|
| 610 |
1 |
|
|a солевые отложения
|
| 610 |
1 |
|
|a Кулундинская степь
|
| 675 |
|
|
|a 553.63
|v 3
|
| 700 |
|
1 |
|a Никольская
|b Ю. П.
|
| 712 |
0 |
2 |
|a Академия наук СССР (АН СССР)
|b Сибирское отделение (СО)
|b Химико-металлургический институт (ХМИ)
|c (Новосибирск)
|c (1944-1964)
|2 stltpush
|3 (RuTPU)RU\TPU\col\14364
|
| 801 |
|
1 |
|a RU
|b 63413507
|c 20060711
|g PSBO
|
| 801 |
|
2 |
|a RU
|b 63413507
|c 20090414
|g PSBO
|
| 942 |
|
|
|c BK
|